| 000 | 01120nam a22002897a 4500 | ||
|---|---|---|---|
| 003 | dpl | ||
| 005 | 20180628152753.0 | ||
| 008 | 180628b xxu||||| |||| 00| 0 eng d | ||
| 010 | _aB-075035 | ||
| 020 |
_c100.00 _a8170558018 |
||
| 035 | _aB-075035, B-075037 | ||
| 037 | _bCen Lib/Ret | ||
| 040 |
_aDPL _bHN _c0 |
||
| 082 |
_aक _bत्रिपाठी |
||
| 100 |
_aत्रिपाठी , सूर्यकांत _943407 |
||
| 245 |
_aदेवी / _c सूर्यकांत त्रिपाठी ''निराला '' |
||
| 246 |
_aDevi _b by Suryakant Tripathi Nirala |
||
| 260 |
_a नई दिल्ली _bवाणी प्रकाशन _c2002 |
||
| 270 |
_a21ए -दरिया गंज _b नई दिल्ली _e110002 |
||
| 300 |
_a112पृष्ठ. _c20सेमी(सजिल्द) |
||
| 490 | _a | ||
| 650 |
_aहिंदी साहित्य _964250 |
||
| 650 |
_aहिंदी कहानी _964251 |
||
| 650 |
_aHindi literature _964252 |
||
| 650 |
_a hindi story _943117 |
||
| 942 |
_2ddc _cHN _hक _mत्रिपाठी |
||
| 999 |
_c115987 _d115987 |
||